000 00686cab a2200229 4500
001 WB3027-45
008 090401t1994 xxu||||| |||| 00| 0 eng d
035 _a(Sirsi) u4555
041 _aeng
245 _aTwo speed industry tipped by 2000
260 _c1994
350 _a0
490 _aScotsman
_v11 July 1994, 16(1)
520 _aADAS in its latest "Agricultural Strategy" warns of a two speed agricultural industry unless those engaged in agriculture reform themselves paying careful attention to the GATT agreement.
650 _aADAS
650 _aCAP REFORM
650 _aFARMING
650 _aGATT
690 _aRURAL PRACTICE
942 _n0
948 _c04/03/1997
999 _c2751
_d2751